1970 FIFA World Cup Host Cities and Stadiums - Statistics

General Stats
  • This quiz has been taken 31 times
  • The average score is 7 of 10
Answer Stats
Picture Hint Answer % Correct
Mexico Ciudad de México
100%
10 games | Capacity: 107.247 Estadio Azteca
90%
Mexico Guadalajara
90%
Mexico León de Los Aldama
90%
Mexico Puebla de Zaragoza
60%
Mexico Toluca de Lerdo
60%
3 games | Capacity: 35.563 Estadio Cuauhtémoc
50%
8 games | Capacity: 71.100 Estadio Jalisco
50%
7 games | Capacity: 23.609 Estadio León - Nou Camp
50%
4 games | Capacity: 26.900 Estadio Toluca 70
50%
No matching quizzes found
Score Distribution
Percent of People with Each Score
Percentile by Number Answered
Your Score History
You have not taken this quiz